000 00702nam a22002537a 4500
999 _c313162
_d313162
001 26828
003 UA-OsUOA
005 20200225120142.0
007 ta
008 200225b un ||||| |||| 00| 0 rus d
040 _aUA-OsUOA
_brus
_cUA-OsUOA
_dUA-OsUOA
041 _arus
044 _aRU
080 _a655.11:929
090 _a655.11:929
_bН50
100 _aНемировский Е. Л.
245 _aИван Федоров (около 1510–1583)
_cЕ. Л. Немировский
260 _aМосква
_bНаука
_c1985
300 _a316 с.
650 7 _2UDC
942 _cBK
_2udc
955 _a0